000 00806nam a22002177a 4500
003 OSt
005 20260317033612.0
008 260317b |||||||| |||| 00| 0 eng d
020 _a978-0-545-30771-0
040 _aDWCL GS lib
_cOC
082 _aS856a 2011
100 _aSTILTON, GERONIMO
245 _aThe amazing voyage: the third adventure in the kingdom of fantasy
_cGERONIMO STILTON
260 _aNew York
_bScholastic, Inc
_c2011
300 _a287 p
_c20 cm
520 _aGeronimo Stilton returns to the magical realm to save Queen Blossom from the Queen of the Witches.
650 _athe magical Kingdom of Fantasy to save Queen Blossom from an endless
650 _afocus on bravery, teamwork, and finding inner strength to overcome fear.
700 _aGERONIMO STILTON
942 _2ddc
_cFIC.
_n0
999 _c9213
_d9213